[Event "MARIENBAD OPEN 2020 - A, B - closed tournaments"]
[Site "?"]
[Date "2020.01.24"]
[Round "2"]
[White "Vatsal, Singhania"]
[Black "Gorbatov, Alexej"]
[Result "1/2-1/2"]
[BlackElo "2355"]
[WhiteElo "2230"]
[LiveChessVersion "1.4.8"]

1. e4 {[%clk 1:30:59]} c6 {[%clk 1:30:53]} 2. d4 {[%clk 1:31:23]} d5
{[%clk 1:31:17]} 3. Nc3 {[%clk 1:31:48]} g6 {[%clk 1:31:43]} 4. h3
{[%clk 1:31:43]} Bg7 {[%clk 1:31:44]} 5. Nf3 {[%clk 1:32:08]} dxe4
{[%clk 1:32:03]} 6. Nxe4 {[%clk 1:32:32]} Nh6 {[%clk 1:32:13]} 7. Bxh6
{[%clk 1:32:36]} Bxh6 {[%clk 1:32:41]} 8. Bc4 {[%clk 1:32:59]} O-O
{[%clk 1:30:35]} 9. O-O {[%clk 1:33:11]} Nd7 {[%clk 1:29:49]} 10. Bb3
{[%clk 1:32:46]} Bg7 {[%clk 1:26:05]} 11. Re1 {[%clk 1:27:18]} Nf6
{[%clk 1:24:35]} 12. Qe2 {[%clk 1:26:19]} Nxe4 {[%clk 1:18:24]} 13. Qxe4
{[%clk 1:26:37]} Bf6 {[%clk 1:13:43]} 14. Ne5 {[%clk 1:23:34]} Bf5
{[%clk 1:07:22]} 15. Qf4 {[%clk 1:22:40]} Qd6 {[%clk 1:05:46]} 16. Rad1
{[%clk 1:20:32]} Rad8 {[%clk 1:04:30]} 17. Qf3 {[%clk 1:18:01]} Bd7
{[%clk 0:49:11]} 18. c4 {[%clk 1:06:30]} Be8 {[%clk 0:48:45]} 19. c5
{[%clk 1:05:09]} Qc7 {[%clk 0:45:58]} 20. Qe4 {[%clk 1:03:36]} Bg7
{[%clk 0:41:48]} 21. h4 {[%clk 1:01:35]} Kh8 {[%clk 0:40:45]} 22. h5
{[%clk 0:57:51]} gxh5 {[%clk 0:37:32]} 23. Nf3 {[%clk 0:57:11]} Rd7
{[%clk 0:31:05]} 24. Qf5 {[%clk 0:48:19]} e6 {[%clk 0:27:47]} 25. Qxh5
{[%clk 0:48:31]} Qf4 {[%clk 0:27:36]} 26. g3 {[%clk 0:46:51]} Qh6
{[%clk 0:27:23]} 27. Qxh6 {[%clk 0:32:38]} Bxh6 {[%clk 0:27:51]} 28. Ne5
{[%clk 0:32:59]} Re7 {[%clk 0:27:36]} 29. Kg2 {[%clk 0:33:06]} Bg7
{[%clk 0:27:45]} 30. Nc4 {[%clk 0:25:52]} f5 {[%clk 0:20:59]} 31. Nd6
{[%clk 0:24:13]} Bh5 {[%clk 0:21:27]} 32. f3 {[%clk 0:19:23]} e5 {[%clk 0:16:42]}
33. dxe5 {[%clk 0:19:19]} Bxe5 {[%clk 0:17:11]} 34. Nc4 {[%clk 0:19:32]} Rfe8
{[%clk 0:15:59]} 35. Nxe5 {[%clk 0:18:26]} Rxe5 {[%clk 0:16:28]} 36. Rxe5
{[%clk 0:18:51]} Rxe5 {[%clk 0:16:55]} 37. Kf2 {[%clk 0:19:08]} Re7
{[%clk 0:16:18]} 38. Bc2 {[%clk 0:14:21]} Bg6 {[%clk 0:16:12]} 39. Rd6
{[%clk 0:12:44]} Kg7 {[%clk 0:14:45]} 40. Bb3 {[%clk 0:09:57]} Bf7
{[%clk 0:14:22]} 41. Bxf7 {[%clk 0:09:25]} Kxf7 {[%clk 0:14:49]} 42. b4
{[%clk 0:07:21]} Kg7 {[%clk 0:13:14]} 43. a4 {[%clk 0:07:37]} a6 {[%clk 0:13:34]}
44. Kg2 {[%clk 0:07:41]} Kf7 {[%clk 0:11:42]} 45. Kh3 {[%clk 0:07:57]} Ke8
{[%clk 0:04:27]} 46. Rf6 {[%clk 0:08:09]} Rf7 {[%clk 0:03:26]} 47. Re6+
{[%clk 0:08:33]} Kf8 {[%clk 0:21:50]} 48. Kh4 {[%clk 0:38:52]} Rd7
{[%clk 0:20:59]} 49. Rf6+ {[%clk 0:37:11]} Kg7 {[%clk 0:20:00]} 50. Rd6
{[%clk 0:35:58]} Rxd6 {[%clk 0:18:21]} 51. cxd6 {[%clk 0:36:24]} Kf6
{[%clk 0:18:48]} 52. a5 {[%clk 0:34:49]} Ke6 {[%clk 0:17:10]} 53. Kg5
{[%clk 0:35:14]} Kxd6 {[%clk 0:16:24]} 54. Kxf5 {[%clk 0:35:38]} c5
{[%clk 0:16:35]} 55. bxc5+ {[%clk 0:36:03]} Kxc5 {[%clk 0:17:03]} 56. Ke6
{[%clk 0:34:07]} b5 {[%clk 0:16:43]} 57. axb6 {[%clk 0:24:28]} Kxb6
{[%clk 0:17:11]} 58. f4 {[%clk 0:24:57]} a5 {[%clk 0:17:33]} 59. f5
{[%clk 0:25:14]} a4 {[%clk 0:17:52]} 60. f6 {[%clk 0:24:59]} a3 {[%clk 0:18:21]}
61. f7 {[%clk 0:25:23]} a2 {[%clk 0:18:49]} 62. f8=Q {[%clk 0:25:44]} a1=Q
{[%clk 0:19:12]} 63. Qd6+ {[%clk 0:25:01]} Kb5 {[%clk 0:13:29]} 64. Kf7
{[%clk 0:24:52]} Qa7+ {[%clk 0:10:09]} 65. Kf6 {[%clk 0:23:38]} Kc4
{[%clk 0:10:20]} 66. Qe6+ {[%clk 0:23:30]} Kd3 {[%clk 0:10:11]} 67. Qf5+
{[%clk 0:21:32]} Ke2 {[%clk 0:10:23]} 68. g4 {[%clk 0:21:37]} Qb7
{[%clk 0:09:17]} 69. Kg5 {[%clk 0:20:31]} Qg7+ {[%clk 0:09:07]} 70. Kh5
{[%clk 0:20:57]} Ke3 {[%clk 0:06:31]} 71. g5 {[%clk 0:20:47]} Qc7
{[%clk 0:05:40]} 72. Kh6 {[%clk 0:18:42]} Qh2+ {[%clk 0:06:03]} 73. Kg7
{[%clk 0:19:09]} Qc7+ {[%clk 0:04:08]} 74. Kh8 {[%clk 0:18:59]} Qe7
{[%clk 0:03:40]} 75. Qf6 {[%clk 0:19:01]} Qd7 {[%clk 0:02:24]} 76. Kg8
{[%clk 0:18:12]} Ke4 {[%clk 0:02:28]} 77. Kf8 {[%clk 0:18:19]} Qc7
{[%clk 0:02:14]} 78. Kg8 {[%clk 0:18:03]} Qd7 {[%clk 0:02:43]} 79. Kh8
{[%clk 0:18:27]} Qc7 {[%clk 0:02:39]} 80. Qh6 {[%clk 0:17:06]} Kf5
{[%clk 0:02:31]} 1/2-1/2

[Event "MARIENBAD OPEN 2020 - A, B - closed tournaments"]
[Site "?"]
[Date "2020.01.24"]
[Round "2"]
[White "Vetokhin, Savva"]
[Black "Strebkovs, Andrejs"]
[Result "0-1"]
[BlackElo "2278"]
[WhiteElo "2113"]
[LiveChessVersion "1.4.8"]

1. e4 e6 2. d4 d5 3. Nd2 a6 4. Bd3 c5 5. dxc5 Bxc5 6. Ngf3 Nc6 7. O-O Nf6 8. Qe2
Nb4 9. e5 Nxd3 10. cxd3 Nd7 11. Nb3 Be7 12. Be3 O-O 13. Rac1 f6 14. Nc5 Nxe5 15.
Nxe5 fxe5 16. f4 b6 17. Nb3 Bd6 18. fxe5 Rxf1+ 19. Rxf1 Bxe5 20. Qf2 Qf6 21. Bxb6
Qxf2+ 22. Rxf2 Rb8 23. Ba7 Rb7 24. Bc5 Bf6 25. d4 Bd7 26. Na5 Rc7 27. b4 Bb5 28.
Rd2 h6 29. Nb3 Bg5 30. Rd1 Be3+ 31. Kh1 Rf7 32. Bd6 Rf2 33. Re1 Bg5 34. a3 Ra2
35. Nc5 Rxa3 36. Nxe6 Bd2 37. Rd1 Rb3 38. Be5 Bxb4 39. Nxg7 a5 40. Nf5 a4 41. Bd6
a3 42. Bxb4 a2 43. Ne3 Rxb4 44. Nc2 Rb1 45. Rg1 Ba4 46. Na1 Bd1 0-1

[Event "MARIENBAD OPEN 2020 - A, B - closed tournaments"]
[Site "?"]
[Date "2020.01.24"]
[Round "2"]
[White "Jurek, Josef"]
[Black "Hilwerda, Jonas"]
[Result "1/2-1/2"]
[BlackElo "2230"]
[WhiteElo "2235"]
[LiveChessVersion "1.4.8"]

1. Nf3 {[%clk 1:30:57]} Nf6 {[%clk 1:30:57]} 2. g3 {[%clk 1:31:05]} g6
{[%clk 1:31:24]} 3. Bg2 {[%clk 1:31:22]} Bg7 {[%clk 1:31:49]} 4. O-O
{[%clk 1:31:20]} O-O {[%clk 1:32:11]} 5. d4 {[%clk 1:31:35]} d6 {[%clk 1:32:35]}
6. a4 {[%clk 1:31:20]} a5 {[%clk 1:26:38]} 7. b3 {[%clk 1:28:59]} b6
{[%clk 1:20:31]} 8. Bb2 {[%clk 1:27:17]} Bb7 {[%clk 1:20:51]} 9. Re1
{[%clk 1:25:37]} Nfd7 {[%clk 1:15:47]} 10. Nbd2 {[%clk 1:21:45]} Nc6
{[%clk 1:00:39]} 11. Rb1 {[%clk 1:13:37]} e5 {[%clk 0:52:03]} 12. dxe5
{[%clk 1:07:14]} dxe5 {[%clk 0:52:31]} 13. Nc4 {[%clk 1:02:15]} Qe7
{[%clk 0:52:43]} 14. e4 {[%clk 0:54:34]} Rfd8 {[%clk 0:50:00]} 15. Qe2
{[%clk 0:50:03]} f6 {[%clk 0:46:23]} 16. Rbd1 {[%clk 0:48:36]} Ba6
{[%clk 0:40:00]} 17. Bf1 {[%clk 0:48:06]} Bh6 {[%clk 0:31:57]} 18. c3
{[%clk 0:45:25]} Kh8 {[%clk 0:29:53]} 1/2-1/2

[Event "MARIENBAD OPEN 2020 - A, B - closed tournaments"]
[Site "?"]
[Date "2020.01.24"]
[Round "2"]
[White "Sharma, Isha"]
[Black "Marszalek, Maciej"]
[Result "1/2-1/2"]
[BlackElo "2314"]
[WhiteElo "2169"]
[LiveChessVersion "1.4.8"]

1. e4 {[%clk 1:30:58]} e5 {[%clk 1:30:53]} 2. Nf3 {[%clk 1:31:24]} Nc6
{[%clk 1:31:17]} 3. Bc4 {[%clk 1:31:49]} Bc5 {[%clk 1:31:33]} 4. c3
{[%clk 1:32:13]} Nf6 {[%clk 1:31:48]} 5. d3 {[%clk 1:32:38]} d6 {[%clk 1:31:13]}
6. Nbd2 {[%clk 1:32:59]} a6 {[%clk 1:31:33]} 7. Bb3 {[%clk 1:33:25]} Ba7
{[%clk 1:31:09]} 8. h3 {[%clk 1:32:41]} h6 {[%clk 1:30:45]} 9. Nf1
{[%clk 1:31:57]} Ne7 {[%clk 1:28:29]} 10. Ng3 {[%clk 1:31:36]} Ng6
{[%clk 1:28:51]} 11. O-O {[%clk 1:31:59]} O-O {[%clk 1:28:57]} 12. Be3
{[%clk 1:31:51]} Re8 {[%clk 1:26:57]} 13. Qd2 {[%clk 1:31:01]} Bxe3
{[%clk 1:23:35]} 14. fxe3 {[%clk 1:30:48]} Be6 {[%clk 1:23:37]} 15. Bc2
{[%clk 1:26:17]} c6 {[%clk 1:20:55]} 16. d4 {[%clk 1:25:08]} Qb6 {[%clk 1:16:03]}
17. a3 {[%clk 1:23:15]} Rad8 {[%clk 1:12:33]} 18. Kh1 {[%clk 1:20:18]} Bc4
{[%clk 1:10:02]} 19. Bd3 {[%clk 1:12:45]} Bxd3 {[%clk 1:08:53]} 20. Qxd3
{[%clk 1:13:10]} exd4 {[%clk 1:04:27]} 21. exd4 {[%clk 1:11:05]} Qxb2
{[%clk 1:03:46]} 22. Nd2 {[%clk 1:08:21]} Re6 {[%clk 0:32:29]} 23. Rab1
{[%clk 1:04:38]} Qxa3 {[%clk 0:29:55]} 24. Rxb7 {[%clk 1:04:01]} Qa5
{[%clk 0:22:45]} 25. Nf5 {[%clk 1:03:21]} Rde8 {[%clk 0:21:44]} 26. Nc4
{[%clk 0:55:38]} Qd8 {[%clk 0:21:03]} 27. d5 {[%clk 0:48:28]} cxd5
{[%clk 0:20:09]} 28. exd5 {[%clk 0:48:54]} Re1 {[%clk 0:20:03]} 29. Ncxd6
{[%clk 0:45:11]} Ne5 {[%clk 0:14:05]} 30. Qxa6 {[%clk 0:43:00]} Qa8
{[%clk 0:14:20]} 31. Qb5 {[%clk 0:23:54]} Qa1 {[%clk 0:14:05]} 32. Ne3
{[%clk 0:22:05]} Rd8 {[%clk 0:12:39]} 33. Ndf5 {[%clk 0:19:33]} Qxc3
{[%clk 0:08:56]} 34. d6 {[%clk 0:17:52]} Rxe3 {[%clk 0:06:29]} 35. Nxe3
{[%clk 0:17:54]} Qxe3 {[%clk 0:06:57]} 36. Re7 {[%clk 0:18:08]} Ne4
{[%clk 0:03:24]} 37. Kh2 {[%clk 0:14:31]} Qg3+ {[%clk 0:03:42]} 38. Kg1
{[%clk 0:12:28]} Qe3+ {[%clk 0:03:14]} 39. Kh2 {[%clk 0:12:53]} f6
{[%clk 0:01:23]} 40. Qb7 {[%clk 0:11:27]} Qg3+ {[%clk 0:01:43]} 41. Kh1
{[%clk 0:10:17]} Qg6 {[%clk 0:00:58]} 42. Rf4 {[%clk 0:03:18]} Nxd6
{[%clk 0:00:37]} 43. Qb6 {[%clk 0:02:09]} Ndf7 {[%clk 0:29:56]} 44. Rxe5
{[%clk 0:32:05]} Rd1+ {[%clk 0:30:20]} 45. Kh2 {[%clk 0:32:29]} Nxe5
{[%clk 0:24:51]} 46. Qb3+ {[%clk 0:32:42]} Kh7 {[%clk 0:23:03]} 47. Qxd1
{[%clk 0:33:08]} Qd3 {[%clk 0:23:17]} 48. Qa4 {[%clk 0:30:32]} Qe3
{[%clk 0:22:17]} 49. Qc2+ {[%clk 0:30:06]} Qd3 {[%clk 0:22:40]} 50. Qc8
{[%clk 0:29:55]} Qd7 {[%clk 0:22:57]} 51. Qb8 {[%clk 0:29:36]} Qd2
{[%clk 0:22:38]} 52. Rf1 {[%clk 0:29:45]} Qd3 {[%clk 0:22:19]} 53. Rf2
{[%clk 0:29:23]} Qd4 {[%clk 0:21:38]} 54. Qb1+ {[%clk 0:29:03]} Qd3
{[%clk 0:21:57]} 55. Qa2 {[%clk 0:29:18]} Qd6 {[%clk 0:21:17]} 56. Kg1
{[%clk 0:28:48]} Qd4 {[%clk 0:17:37]} 57. Kh1 {[%clk 0:28:28]} Qd1+
{[%clk 0:17:15]} 58. Kh2 {[%clk 0:28:54]} Qd6 {[%clk 0:16:21]} 59. Qc2+
{[%clk 0:28:44]} Qd3 {[%clk 0:16:19]} 60. Qc7 {[%clk 0:28:05]} Qd4
{[%clk 0:14:54]} 61. Rf1 {[%clk 0:27:17]} Qc4 {[%clk 0:14:48]} 62. Qxc4
{[%clk 0:27:10]} Nxc4 {[%clk 0:15:17]} 63. Rc1 {[%clk 0:27:23]} Ne5
{[%clk 0:15:42]} 64. Rc7 {[%clk 0:27:50]} h5 {[%clk 0:15:11]} 65. Kg3
{[%clk 0:27:58]} Kg6 {[%clk 0:13:08]} 66. Kf4 {[%clk 0:28:12]} Nf7
{[%clk 0:13:08]} 67. Rc3 {[%clk 0:27:57]} Nh6 {[%clk 0:12:51]} 68. Rg3+
{[%clk 0:27:39]} Kf7 {[%clk 0:13:18]} 69. Ra3 {[%clk 0:26:08]} g5+
{[%clk 0:13:05]} 70. Ke4 {[%clk 0:26:33]} h4 {[%clk 0:12:06]} 71. Kd5
{[%clk 0:25:05]} Nf5 {[%clk 0:10:16]} 72. Rf3 {[%clk 0:25:20]} Kg6
{[%clk 0:10:24]} 73. Rf2 {[%clk 0:25:40]} Ng7 {[%clk 0:08:53]} 74. Ke4
{[%clk 0:24:16]} Nh5 {[%clk 0:09:01]} 75. Rf3 {[%clk 0:23:46]} Ng3+
{[%clk 0:08:41]} 76. Kd5 {[%clk 0:24:07]} Ne2 {[%clk 0:08:48]} 77. Rf2
{[%clk 0:24:19]} Nf4+ {[%clk 0:08:26]} 78. Ke4 {[%clk 0:24:43]} Nh5
{[%clk 0:08:51]} 79. Ra2 {[%clk 0:24:50]} Nf4 {[%clk 0:08:54]} 80. Kf3
{[%clk 0:25:11]} Nh5 {[%clk 0:09:11]} 81. Ra4 {[%clk 0:25:16]} Ng3
{[%clk 0:09:36]} 82. Ra8 {[%clk 0:25:12]} Kf5 {[%clk 0:09:35]} 83. Re8
{[%clk 0:25:27]} Nh5 {[%clk 0:09:41]} 84. Rh8 {[%clk 0:25:25]} Ng3
{[%clk 0:09:57]} 85. Rh6 {[%clk 0:25:49]} Nf1 {[%clk 0:09:51]} 86. Rh8
{[%clk 0:25:47]} Ng3 {[%clk 0:10:16]} 87. Ra8 {[%clk 0:26:10]} Nh5
{[%clk 0:10:24]} 88. Ra5+ {[%clk 0:26:35]} Kg6 {[%clk 0:10:50]} 89. Kg4
{[%clk 0:26:59]} Nf4 {[%clk 0:11:11]} 90. Ra2 {[%clk 0:26:53]} Nd3
{[%clk 0:11:33]} 91. Kf3 {[%clk 0:27:06]} Nf4 {[%clk 0:11:03]} 92. Ra6
{[%clk 0:27:25]} Nh5 {[%clk 0:11:25]} 93. Ra4 {[%clk 0:27:51]} Ng3
{[%clk 0:11:49]} 94. Ra6 {[%clk 0:28:13]} Nh5 {[%clk 0:12:14]} 95. Ra4
{[%clk 0:28:41]} 1/2-1/2

[Event "MARIENBAD OPEN 2020 - A, B - closed tournaments"]
[Site "?"]
[Date "2020.01.24"]
[Round "2"]
[White "Laxman, R.R."]
[Black "Duzy, Stefan"]
[Result "1-0"]
[BlackElo "1931"]
[WhiteElo "2441"]
[LiveChessVersion "1.4.8"]

1. Nf3 {[%clk 1:30:55]} e6 {[%clk 1:29:58]} 2. d4 {[%clk 1:31:16]} Nf6
{[%clk 1:30:14]} 3. c4 {[%clk 1:31:41]} Bb4+ {[%clk 1:30:31]} 4. Bd2
{[%clk 1:32:05]} c5 {[%clk 1:30:50]} 5. Bxb4 {[%clk 1:32:29]} cxb4
{[%clk 1:31:15]} 6. e3 {[%clk 1:32:54]} a5 {[%clk 1:31:32]} 7. a3
{[%clk 1:33:19]} Na6 {[%clk 1:31:50]} 8. Be2 {[%clk 1:33:28]} O-O
{[%clk 1:29:58]} 9. O-O {[%clk 1:33:50]} b6 {[%clk 1:29:31]} 10. Nbd2
{[%clk 1:32:39]} Bb7 {[%clk 1:28:58]} 11. Ne1 {[%clk 1:31:58]} d6
{[%clk 1:28:37]} 12. Nd3 {[%clk 1:32:19]} bxa3 {[%clk 1:28:02]} 13. bxa3
{[%clk 1:32:43]} Qc7 {[%clk 1:22:39]} 14. Bf3 {[%clk 1:32:24]} Bxf3
{[%clk 1:22:32]} 15. Qxf3 {[%clk 1:32:51]} b5 {[%clk 0:55:15]} 16. cxb5
{[%clk 1:32:51]} Qc2 {[%clk 0:55:32]} 17. Ne4 {[%clk 1:22:21]} Nxe4
{[%clk 0:53:36]} 18. Qxe4 {[%clk 1:22:49]} d5 {[%clk 0:50:19]} 19. Qf4
{[%clk 1:22:52]} Qxd3 {[%clk 0:50:22]} 20. bxa6 {[%clk 1:23:20]} Qxa6
{[%clk 0:42:58]} 21. h4 {[%clk 1:23:44]} Rab8 {[%clk 0:39:48]} 22. Rfc1
{[%clk 1:23:09]} Rfc8 {[%clk 0:32:01]} 23. a4 {[%clk 1:22:23]} Rb4
{[%clk 0:18:17]} 24. Rc7 {[%clk 1:21:58]} Rxc7 {[%clk 0:18:31]} 25. Qxc7
{[%clk 1:22:26]} h5 {[%clk 0:17:14]} 26. Rc1 {[%clk 1:21:20]} Qb6
{[%clk 0:07:11]} 27. Qd7 {[%clk 1:21:27]} Rb1 {[%clk 0:06:28]} 28. Qc8+
{[%clk 1:21:56]} Kh7 {[%clk 0:06:48]} 29. Qc2+ {[%clk 1:22:24]} 1-0

[Event "MARIENBAD OPEN 2020 - C - FIDE open"]
[Site "the Continental hotel, Marians"]
[Date "2020.01.19"]
[Round "2"]
[White "LAXMAN, R.R."]
[Black "DUZY, Stefan"]
[Result "1-0"]
[WhiteElo "2441"]
[BlackElo "1931"]
[PlyCount "49"]
[EventDate "2020.01.18"]

1. Nf3 e6 2. d4 Nf6 3. c4 Bb4+ 4. Bd2 c5 5. Bxb4 cxb4 6. e3 a5 7. a3 Na6 8. Be2
O-O 9. O-O b6 10. Nbd2 Bb7 11. Ne1 d6 12. Nd3 bxa3 13. bxa3 Qc7 14. Bf3 Bxf3
15. Qxf3 b5 16. cxb5 Qc2 17. Ne4 Nxe4 18. Qxe4 d5 19. Qf4 Qxd3 20. bxa6 Qxa6
21. h4 Rab8 22. Rfe1 Rfc8 23. a4 Rb4 24. Rec1 Rbc4 25. Qc7 1-0

[Event "MARIENBAD OPEN 2020 - C - FIDE open"]
[Site "the Continental hotel, Marians"]
[Date "2020.01.19"]
[Round "2"]
[White "BECKER, Robin"]
[Black "QUESADA VERA, Liordis"]
[Result "0-1"]
[WhiteElo "1933"]
[BlackElo "2386"]
[PlyCount "50"]
[EventDate "2020.01.18"]

1. e4 d6 2. d4 Nf6 3. Nc3 Nbd7 4. Nf3 e5 5. g4 Nxg4 6. Rg1 Ngf6 7. Bc4 h6 8.
Be3 c6 9. dxe5 dxe5 10. Qd2 Qa5 11. O-O-O b5 12. Nxb5 Qxd2+ 13. Bxd2 cxb5 14.
Bxb5 Rb8 15. Bc6 Bb7 16. Nxe5 Bxc6 17. Nxc6 Rb6 18. Nxa7 g6 19. Bc3 Rg8 20. Bd4
Bc5 21. e5 Bxd4 22. Rxd4 Nxe5 23. f4 Nf3 24. Nc8 Nxd4 25. Nxb6 Ne2+ 0-1

[Event "MARIENBAD OPEN 2020 - C - FIDE open"]
[Site "the Continental hotel, Marians"]
[Date "2020.01.19"]
[Round "2"]
[White "ARNDT, Stefan"]
[Black "ZABRZANSKA, Weronika"]
[Result "0-1"]
[WhiteElo "2199"]
[BlackElo "1843"]
[PlyCount "64"]
[EventDate "2020.01.18"]

1. Nf3 d5 2. g3 Nf6 3. Bg2 e6 4. O-O Be7 5. b3 O-O 6. c4 c5 7. cxd5 exd5 8. d4
b6 9. Bb2 Bb7 10. Nc3 Nc6 11. Rc1 Ne4 12. dxc5 Nxc3 13. Bxc3 bxc5 14. Ne1 d4
15. Bxd4 Qxd4 16. Nd3 Rfd8 17. Rc4 Qd7 18. Qe1 Nd4 19. Nxc5 Bxc5 20. Rxc5 Bxg2
21. Kxg2 Qe7 22. Qc3 Qe4+ 23. f3 Qxe2+ 24. Rf2 Qe6 25. Qa5 g6 26. Re5 Qf6 27.
Re4 Nf5 28. Rfe2 Qa1 29. g4 Ng7 30. Re7 Ne6 31. Re4 Qb2+ 32. Kg3 Rd2 0-1

[Event "MARIENBAD OPEN 2020 - C - FIDE open"]
[Site "the Continental hotel, Marians"]
[Date "2020.01.19"]
[Round "2"]
[White "TSOTSONAVA, Elene"]
[Black "SKIBA, Aleksandra"]
[Result "1/2-1/2"]
[WhiteElo "2078"]
[BlackElo "1798"]
[PlyCount "62"]
[EventDate "2020.01.18"]

1. e4 c5 2. Nf3 Nc6 3. d4 cxd4 4. Nxd4 e5 5. Nb5 d6 6. N1c3 a6 7. Na3 b5 8. Nd5
Nge7 9. c4 Nd4 10. cxb5 Nxd5 11. exd5 Bd7 12. Be3 Nxb5 13. Nc4 Rb8 14. Be2 Be7
15. O-O O-O 16. a4 Nd4 17. Bxd4 exd4 18. Qxd4 Bf6 19. Qd2 Bf5 20. a5 Rb3 21.
Bd1 Rd3 22. Qb4 Rxd5 23. Bf3 Rb5 24. Qxd6 Bd3 25. Rfc1 Qxd6 26. Nxd6 Rxb2 27.
Be4 Rb3 28. Ra2 Be7 29. Bxd3 Rxd3 30. Ne4 Bb4 31. g3 Rd5 1/2-1/2

[Event "MARIENBAD OPEN 2020 - C - FIDE open"]
[Site "the Continental hotel, Marians"]
[Date "2020.01.19"]
[Round "2"]
[White "SHADYEV, Damir"]
[Black "GOODING, Ian"]
[Result "1/2-1/2"]
[WhiteElo "1471"]
[BlackElo "1973"]
[PlyCount "59"]
[EventDate "2020.01.18"]

1. e4 e6 2. d4 d5 3. Nc3 Nf6 4. e5 Nfd7 5. f4 c5 6. Nf3 Nc6 7. Be3 a6 8. Qd2 b5
9. O-O-O Qb6 10. h4 cxd4 11. Bxd4 Bc5 12. h5 Nxd4 13. Nxd4 Bxd4 14. Qxd4 Qxd4
15. Rxd4 f6 16. exf6 gxf6 17. Be2 h6 18. Bf3 Rb8 19. a3 Nb6 20. Re1 Kf7 21. Rd3
Bb7 22. Ne2 Na4 23. Nd4 Nc5 24. Rde3 Ne4 25. Bxe4 dxe4 26. g4 Rhd8 27. c3 Rbc8
28. Kc2 Bd5 29. b3 a5 30. a4 1/2-1/2

[Event "MARIENBAD OPEN 2020 - C - FIDE open"]
[Site "the Continental hotel, Marians"]
[Date "2020.01.19"]
[Round "2"]
[White "VACHA, Jaroslav"]
[Black "ARSH, Shah"]
[Result "1-0"]
[WhiteElo "1949"]
[BlackElo "1459"]
[PlyCount "55"]
[EventDate "2020.01.18"]

1. e4 e5 2. Nf3 Nc6 3. Bc4 Bc5 4. O-O Nf6 5. c3 Nxe4 6. d4 exd4 7. cxd4 Bb4 8.
d5 Ne7 9. Qd4 Nf6 10. Bg5 Ng6 11. h4 h5 12. Bd3 Be7 13. d6 Bxd6 14. Re1+ Kf8
15. Nc3 Be7 16. Bxg6 c5 17. Qd3 fxg6 18. Ne5 c4 19. Qc2 Bc5 20. Nxg6+ Kg8 21.
Nd5 Qa5 22. Nxf6+ gxf6 23. Re8+ Kg7 24. Nxh8 Bxf2+ 25. Kxf2 Qc5+ 26. Be3 f5 27.
Qc3+ Kh7 28. Qf6 1-0

[Event "MARIENBAD OPEN 2020 - C - FIDE open"]
[Site "the Continental hotel, Marians"]
[Date "2020.01.19"]
[Round "2"]
[White "LACHMAIR, Erwin"]
[Black "ANYA, Seth Syed"]
[Result "1/2-1/2"]
[WhiteElo "1880"]
[BlackElo "1395"]
[PlyCount "39"]
[EventDate "2020.01.18"]

1. e4 c5 2. Nf3 e6 3. d4 cxd4 4. Nxd4 a6 5. Nc3 b5 6. a3 Bb7 7. Be2 d6 8. Be3
Nf6 9. f3 Be7 10. Qd2 O-O 11. O-O-O Nc6 12. Nb3 b4 13. axb4 Nxb4 14. Qd4 a5 15.
Qb6 Qxb6 16. Bxb6 a4 17. Nd4 Nd7 18. Bc7 d5 19. exd5 Rfc8 20. Ncb5 1/2-1/2

[Event "MARIENBAD OPEN 2020 - C - FIDE open"]
[Site "the Continental hotel, Marians"]
[Date "2020.01.19"]
[Round "2"]
[White "HAAG, Guenter"]
[Black "TEDEEVA, Olga"]
[Result "0-1"]
[WhiteElo "1919"]
[BlackElo "1289"]
[PlyCount "48"]
[EventDate "2020.01.18"]

1. e4 c5 2. g3 Nc6 3. Bg2 g6 4. Ne2 Bg7 5. c3 e5 6. Na3 Nge7 7. Nc2 d5 8. exd5
Nxd5 9. O-O O-O 10. d4 cxd4 11. cxd4 exd4 12. Nexd4 Nxd4 13. Nxd4 Nb4 14. Be3
Qf6 15. a3 Na6 16. Qf3 Rd8 17. Rfd1 h5 18. Nb5 Rxd1+ 19. Rxd1 Qxb2 20. Rd8+ Kh7
21. Qxf7 Qb1+ 22. Bf1 Be6 23. Qxe6 Rxd8 24. Qe7 Rd1 0-1

[Event "MARIENBAD OPEN 2020 - C - FIDE open"]
[Site "the Continental hotel, Marians"]
[Date "2020.01.19"]
[Round "2"]
[White "MITHULA, Venugopal Srinivasan"]
[Black "LAKSHYESH, Mohan Gupta"]
[Result "0-1"]
[WhiteElo "1356"]
[BlackElo "1757"]
[PlyCount "63"]
[EventDate "2020.01.18"]

1. e4 d5 2. exd5 Nf6 3. Bb5+ Bd7 4. Be2 Nxd5 5. d4 e6 6. a3 Nc6 7. Nf3 Be7 8.
c4 Nf6 9. Nc3 O-O 10. O-O Rc8 11. Re1 h6 12. h3 Bd6 13. Nb5 a6 14. Nxd6 cxd6
15. Bf4 e5 16. dxe5 dxe5 17. Bh2 e4 18. Nd4 e3 19. f3 Nxd4 20. Qxd4 Bf5 21.
Qxd8 Rcxd8 22. Rad1 Rd2 23. b4 g5 24. Kf1 Rfd8 25. Be5 Nh5 26. g4 Bc2 27. Ra1
Nf4 28. Bc3 Rxe2 29. Rxe2 Bd3 30. Rae1 Nxe2 31. Rxe2 Bxe2+ 32. Kxe2 0-1

[Event "MARIENBAD OPEN 2020 - C - FIDE open"]
[Site "the Continental hotel, Marians"]
[Date "2020.01.19"]
[Round "2"]
[White "ZAVIVAEV, Ilya"]
[Black "KUTTNER, Jaromir"]
[Result "1-0"]
[WhiteElo "1741"]
[BlackElo "1413"]
[PlyCount "57"]
[EventDate "2020.01.18"]

1. e4 e5 2. d3 Nf6 3. Nf3 Nc6 4. g3 Bc5 5. Bg2 O-O 6. O-O h6 7. Nbd2 d6 8. c3
Bg4 9. h3 Bh5 10. a4 a5 11. Qb3 Qd7 12. g4 Bg6 13. Nh4 Kh8 14. Nc4 Nd8 15. Be3
Ne6 16. Nf5 Bxe3 17. fxe3 Nc5 18. Qc2 b5 19. axb5 Qxb5 20. Nxh6 Nfxe4 21. Nf5
Bxf5 22. Rxf5 g6 23. Rff1 Ra6 24. Na3 Qxd3 25. Qxd3 Nxd3 26. Bxe4 Nxb2 27. Bxg6
Kg7 28. Be4 Na4 29. Nb5 1-0

[Event "MARIENBAD OPEN 2020 - C - FIDE open"]
[Site "the Continental hotel, Marians"]
[Date "2020.01.19"]
[Round "2"]
[White "DOBSINSKY, Petr"]
[Black "HOERHOLD, Karola"]
[Result "0-1"]
[WhiteElo "1263"]
[BlackElo "1705"]
[PlyCount "67"]
[EventDate "2020.01.18"]

1. Nf3 f5 2. d4 Nf6 3. c4 e6 4. Nc3 Bb4 5. Bd2 O-O 6. e3 b6 7. Bd3 Bb7 8. O-O
Bxc3 9. Bxc3 Ne4 10. Bb4 d6 11. Nd2 c5 12. Ba3 Nxd2 13. Qxd2 Qg5 14. f4 Qe7 15.
b3 Nd7 16. Rae1 Nf6 17. Bb2 Rfd8 18. d5 Ne4 19. Bxe4 fxe4 20. dxe6 Qxe6 21. Qc3
Rd7 22. h3 Qg6 23. g4 Rf7 24. Re2 d5 25. cxd5 Ba6 26. Rd2 Bxf1 27. Kxf1 Rd8 28.
d6 Rxd6 29. Rxd6 Qxd6 30. h4 Qd1+ 31. Kf2 Rd7 32. Kg3 Qf3+ 33. Kh2 Rd6 34. Qe5
0-1

[Event "MARIENBAD OPEN 2020 - C - FIDE open"]
[Site "the Continental hotel, Marians"]
[Date "2020.01.19"]
[Round "2"]
[White "CERMAK, Dusan"]
[Black "SHEVTSOV, Demyan"]
[Result "1-0"]
[WhiteElo "1682"]
[BlackElo "1312"]
[PlyCount "60"]
[EventDate "2020.01.18"]

1. e4 e6 2. d4 d5 3. Nd2 c5 4. Ngf3 Nf6 5. e5 Nfd7 6. c3 Nc6 7. Bd3 cxd4 8.
cxd4 Qb6 9. O-O Nxd4 10. Nxd4 Qxd4 11. Nf3 Qb6 12. Qa4 Qc7 13. Be3 Be7 14. Rac1
Qd8 15. Qg4 h5 16. Qf4 g5 17. Nxg5 Bxg5 18. Qxg5 Qxg5 19. Bxg5 Nxe5 20. Bf6
Nxd3 21. Bxh8 Nb4 22. Rc7 Nc6 23. Re1 Rb8 24. Re3 Ne7 25. Bf6 Ng6 26. Rec3 Bd7
27. Rxd7 Nf4 28. Rcc7 Ne2+ 29. Kf1 Nf4 30. Rxf7 Rd8 1-0